000 00296nam a2200133Ia 4500
008 230312s9999||||xx |||||||||||||| ||und||
082 _a615.1
_bCOO-T
100 _aCooper
245 0 _aTutorial Pharmacy
300 _a469
546 _aEng.
650 _aPharmacy
_vTutorial Pharmacy
942 _cBK
999 _c5970
_d5970